| 000 | 00823nam a22002297a 4500 | ||
|---|---|---|---|
| 999 |
_c10796 _d10796 |
||
| 003 | AR-CdUCM | ||
| 008 | 190402b ||||| |||| 00| 0 spa d | ||
| 040 |
_aMUNICIPALIDAD PROVINCIAL DEL CUSCO _cBIBLIOTECA MUNICIPAL DEL CUSCO |
||
| 041 | _heng | ||
| 082 |
_a783 / _bW64 / 1948 |
||
| 100 |
_aWibberley, Brian _927827 |
||
| 245 |
_aMúsica y religión : _brevisión histórica y filosófica / |
||
| 260 |
_aBuenos Aires : _bSchapire, _c1948. |
||
| 300 |
_a325 páginas ; _c24 cm. |
||
| 505 | _aContenido: Orgánico e histórico -- Filosófico y constructivo -- Relaciones de la música y la religión. | ||
| 650 |
_aMúsica religiosa _927828 |
||
| 650 |
_aMúsica - Filosofía _927829 |
||
| 650 |
_aHistoria y crítica _95993 |
||
| 700 |
_aIngster, Eugenio (traducción) _927830 |
||
| 942 |
_2ddc _cLIBROS |
||
| 945 | _aacv | ||